000 00429nam a2200157Ia 4500
008 240126s9999 xx 000 0 und d
041 _aEnglish
082 _aLIBRARY-XIX
245 0 _aIntelligent computing Chip (2013 -
260 _bNetwork 18 Publishing
_aMumbai
300 _cCD6160
440 _aNULL
500 _aSuppliment:Guide to your gaming Insider
650 _aIntelligent,computing,Chip,(2013,-
942 _cJN
999 _c269891
_d269891